Statystyki dla Do którego państwa pasuje ten opis

Kliknij tutaj aby rozwiązać quiz!

Ogólne statystyki

  • Ten quiz został rozwiązany 37 razy
  • Średni wynik to 8 z 10

Statystyki odpowiedzi

OpisPaństwo% Poprawnych
Państwo to słynie z piramid...Egipt
97%
To państwo jest całkowicie otoczone przez Republikę Południowej AfrykiLesotho
97%
Pierwszy Afrykański kraj, który w roku 2022 zaszedł do finałowej czwórki na mistrzostwach świata w piłce nożnejMaroko
88%
Kraj ten jest nazywany "Rogiem Afryki"Somalia
88%
Najmłodszy kraj na świecieSudan Południowy
79%
Kontroluje ZanzibarTanzania
79%
Stolicą tego państwa jest Addis AbebaEtiopia
74%
...ale ten kraj ma ich najwięcejSudan
74%
Wodospady Wiktorii leżą na granicy Zambii i ...Zimbabwe
53%
Lider w produkcji kakao na całym świecieWybrzeże Kości Słoniowej
21%

Rozkład punktacji

Percentyl według liczby udzielonych odpowiedzi

Procent ludzi z każdym wynikiem

Twoja historia wyników

Nie rozwiązałeś tego quizu